| 000 | 00601nam a2200193 i 4500 | ||
|---|---|---|---|
| 001 | 93242 | ||
| 003 | ES-MaACL | ||
| 007 | t| | ||
| 008 | 050408s1982 sp ||||1| spa d | ||
| 100 | 1 |
_aLondon, Jack, _d1876-1916 _973218 |
|
| 245 | 1 | 4 |
_aLos piratas de la Bahía de San Francisco / _cJack London (seud.); [traducción: Eva Mintenig]. |
| 260 |
_aBarcelona : _bLaertes, _c1982. |
||
| 300 |
_a124 p. ; _c20 cm. |
||
| 490 | 1 |
_aAventura ; _v13 |
|
| 700 | 1 |
_aMintenig, Eva. _981379 |
|
| 830 | 0 |
_aAventura ; _v13 _9186548 |
|
| 852 |
_aES-MaACL _jL-3925 _bR.104802 |
||
| 999 |
_c93242 _d93242 |
||